000 00653nam a22002417a 4500
003 UA-OsUOA
001 87038
007 ta
008 20120913b un ||||| |||| 00| 0 ukr d
100 _aБернадська Н.
700 _aЗадорожна С.
090 _a82.09(477)(075.8)
_bБ51
942 _cBK
040 _aUA-OsUOA
_bukr
_cUA-OsUOA
_dUA-OsUOA
245 _aУкраїнська література
300 _a152 с.
955 _a1
041 _aukr
080 _a82.09(477)(075.8)
260 _aК.
_bФеміна
_c1995
650 7 _a82 Література. Літературознавство
_2UDC
999 _c373336
_d373336